000 00650nam a2200229 i 4500
001 C2-0292688
003 PPAK
005 20180728024659.0
008 090108s2006 nyu |||| ||||| | eng d
020 _a1931082979
040 _aPPAK
_beng
_cPPAK
_erda
082 0 4 _a973
_223
090 0 0 _a973
_bAME
_dLCK
245 0 0 _aAmerican Speeches
_bpolitical oratary from the revolution to the civil war
264 1 _aNew York :
_bThe Library of America ,
_c2006
300 _a810 pages ;
_c21 cm
336 _2rdacontent
_atext
337 _2rdamedia
_aunmediated
338 _2rdacarrier
_avolume
650 1 0 _aUnited States - History
942 _ddc
_cB
999 _c97530
_d97530